Quiz da Indonésia - Statistics

Estatísticas Gerais
  • Esse quiz foi jogado 1 631 vezes
  • A pontuação média é 12 de 23
Estatísticas das Respostas
Clue Resposta % Correto
Capital Jacarta
89%
Países fazendo fronteira com a Indonésia Malásia
87%
Esse tipo de desastre natural matou 130 mil pessoas da Indonésia em 2004 Tsunâmi
85%
Países fazendo fronteira com a Indonésia Papua Nova Guiné
83%
Países fazendo fronteira com a Indonésia Timor Leste
79%
Animal nacional Dragão-de-{komodo}
75%
Borobudur é o maior Templo _______ do mundo Budista
72%
Mais de 80% da população da Indonésia fazem parte dessa religião Islã
71%
País que colonizou a Indonésia Países Baixos
68%
Maiores ilhas Java
52%
Ilha para resorts mais famoso Bali
48%
Maiores ilhas Bornéu
48%
Maiores ilhas Sumatra
46%
A Indonésia tem a maior população desse grandes primatas Orangotango
45%
Grandes erupções vulcânicas do século XIX (Nomeie um dos dois) Krakatoa | Tambora
42%
Maiores ilhas Nova Guiné
33%
Moeda oficial Rupia
27%
Rafflesia arnoldii é a maior ____ do mundo Flor
25%
Maiores ilhas Celebes
23%
Exportação famosa nos Séculos XVII e XVIII Especiaria
18%
Supervulcão que entrou em erupção 74 mil anos atrás, quase causando humanos serem extinto Lago {Toba}
16%
Os primeiros Presidentes da Indonésia (Nomeie um dos dois) Sukarno | Suharto
14%
Capital do acima Dempassar
11%
Nenhum quiz correspondente encontrado
Distribuição das Pontuações
Porcentagem de Pessoas com Cada Pontuação
Percentil de Números Respondidos
Sua Pontuação Histórica
Você não jogou esse quiz